[Event "Druzynowe Mistrzostwa Polski Juniorow - Ekstraliga 2021"]
[Site "Lublin"]
[Date "1899-12-30"]
[Round "3.13"]
[White "Luberanski, Jakub"]
[Black "Teclaf, Pawel"]
[Result "0-1"]
[WhiteTitle "FM"]
[BlackTitle "IM"]
[WhiteElo "2306"]
[BlackElo "2514"]

1. d4 d5 2. c4 dxc4 3. e3 Nf6 4. Bxc4 g6 5. Nf3 Bg7 6. O-O O-O 7. Nc3 Nc6 8. h3
Ne8 9. d5 Na5 10. Be2 c6 11. e4 cxd5 12. exd5 Nd6 13. Re1 Bd7 14. Bd3 Nac4 15.
Qe2 Rc8 16. Bg5 Re8 17. Rac1 Qa5 18. Ne4 Qxd5 19. Bxc4 Rxc4 20. Nxd6 Rxc1 21.
Nxe8 Rxe1+ 22. Qxe1 Bxe8 23. Qxe7 Bc6 24. b3 Qd1+ 25. Kh2 h6 26. Qd8+ Qxd8 27.
Bxd8 Be4 28. Nd2 Bc2 29. Bc7 g5 30. Ba5 b6 31. Bb4 a5 32. Be7 Bc3 33. Nc4 b5 34.
Ne3 Bb1 35. a4 bxa4 36. bxa4 Ba2 37. Bd8 Bb3 38. Kg3 Be1 39. Nf5 Kh7 40. Nd6 Bd5
41. Nc8 f5 42. Bb6 Bb4 43. Bc7 Bb3 44. Nd6 f4+ 45. Kh2 Bd5 46. g3 Kg6 47. h4 Kh5
48. hxg5 hxg5 49. gxf4 gxf4 50. Nb5 Kg4 51. Nd4 f3 52. Nc2 Be4 53. Nxb4 axb4 54.
Be5 b3 55. a5 Bd3 56. Bg7 Ba6 57. Bh8 Kf4 58. Bg7 Ke4 59. Kg3 Bb7 60. Bh8 Kd3
61. Kf4 Kc2 62. a6 Ba8 63. Ke3 b2 64. Bxb2 Kxb2 65. Kd3 Kb3 0-1

[Event "Druzynowe Mistrzostwa Polski Juniorow - Ekstraliga 2021"]
[Site "Lublin"]
[Date "1899-12-30"]
[Round "3.14"]
[White "Niedbala, Bartlomiej"]
[Black "Czopor, Maciej"]
[Result "0-1"]
[WhiteTitle "FM"]
[BlackTitle "FM"]
[WhiteElo "2360"]
[BlackElo "2279"]

1. d4 Nf6 2. c4 e6 3. Nf3 b6 4. g3 Bb7 5. Bg2 Be7 6. O-O O-O 7. Re1 c5 8. d5 exd5
9. Nh4 Ne4 10. cxd5 Bxh4 11. Bxe4 Bf6 12. Nc3 d6 13. Bf4 Qe7 14. Qc2 h6 15. Rad1
Nd7 16. Bg2 a6 17. a4 Rfe8 18. Ne4 Be5 19. Bc1 Nf6 20. Nc3 Rab8 21. Nb1 Nd7 22.
Na3 Bc8 23. Nc4 Bf6 24. f4 Nf8 25. e4 Ng6 26. h3 Qc7 27. Bd2 Bd4+ 28. Kh2 Bd7
29. a5 b5 30. Nb6 c4 31. Nxd7 Qxd7 32. Bb4 Bf6 33. h4 Rbd8 34. Qf2 Qc7 35. Re2
Nf8 36. Kh1 Nd7 37. g4 Nc5 38. Bxc5 Qxc5 39. g5 Qxf2 40. Rxf2 hxg5 41. hxg5 Be7
42. Bf3 Rc8 43. Rc2 Rc5 44. Kg2 Bd8 45. Ra1 Re7 46. Kg3 Rec7 47. Be2 Kf8 48. Kf2
Rc8 49. Bg4 Rb8 50. Be2 Rbc8 51. Bg4 Rb8 52. Be2 Rbc8 53. Bg4 R8c7 54. Be2 Ke7
55. Ke3 Rc8 56. Kd4 Bc7 57. e5 Bb8 58. Rh1 Ba7 59. Ke4 Rd8 60. b4 cxb3 61. Rxc5
Bxc5 62. Rb1 Rh8 63. Rxb3 dxe5 64. Kxe5 Bd6+ 65. Ke4 Rh1 66. g6 Ra1 67. gxf7 Kxf7
68. Rc3 Rxa5 69. Rc6 Ke7 70. f5 Ra2 71. Bd3 Ra1 72. Kd4 Ra4+ 73. Ke3 Bf4+ 74.
Ke2 Bd6 75. Ke3 Ra3 76. Ke4 Ra1 77. Ke3 Re1+ 78. Be2 a5 79. Ra6 a4 80. Kf2 Rb1
81. Ra5 a3 82. Bxb5 a2 83. Rxa2 Rxb5 84. Re2+ Kf7 85. Kf3 Rxd5 86. Kg4 Be7 87.
Re4 Bf6 88. Re2 Rd4+ 89. Kf3 Bg5 0-1

[Event "Druzynowe Mistrzostwa Polski Juniorow - Ekstraliga 2021"]
[Site "Lublin"]
[Date "1899-12-30"]
[Round "3.15"]
[White "Madej, Marek"]
[Black "Warchol, Kamil"]
[Result "0-1"]
[WhiteTitle "I"]
[BlackTitle "CM"]
[WhiteElo "1805"]
[BlackElo "2126"]

1. e4 e5 2. Nf3 Nc6 3. Bb5 a6 4. Ba4 Nf6 5. O-O b5 6. Bb3 Bc5 7. a4 Rb8 8. c3 d6
9. d4 Bb6 10. a5 Ba7 11. Be3 Qe7 12. Nbd2 O-O 13. Qc2 h6 14. h3 exd4 15. cxd4
Nb4 16. Qc3 c5 17. dxc5 dxc5 18. e5 Nfd5 19. Bxd5 Nxd5 20. Qd3 Bb7 21. Qf5 Nxe3
22. fxe3 Qe6 23. Qf4 Qc6 24. Nh4 c4 25. Qg3 Kh7 26. Rf2 Rbe8 27. Raf1 Qe6 28.
Rf5 Bb8 29. Ndf3 Bxf3 30. R1xf3 Bxe5 31. Qf2 Kg8 32. g4 Rd8 33. g5 Rd1+ 34. Kg2
Rb1 35. Ng6 Rxb2 36. Nxe5 Rxf2+ 37. Rxf2 hxg5 38. Nxf7 Rxf7 39. Rxf7 Qxf7 0-1

[Event "Druzynowe Mistrzostwa Polski Juniorow - Ekstraliga 2021"]
[Site "Lublin"]
[Date "1899-12-30"]
[Round "3.16"]
[White "Herwy, Jakub"]
[Black "Grot, Blazej"]
[Result "1/2-1/2"]
[WhiteTitle "I+"]
[BlackTitle "CM"]
[WhiteElo "1907"]
[BlackElo "1728"]

1. e4 c5 2. d3 Nc6 3. f4 e6 4. Nf3 Nge7 5. Be2 g6 6. O-O Bg7 7. c3 d5 8. Na3 O-O
9. e5 h5 10. Nc2 Nf5 11. d4 cxd4 12. Ncxd4 Qb6 13. Kh1 Ncxd4 14. Nxd4 Nxd4 15.
Qxd4 Qc7 16. Bd3 Bd7 17. Bd2 Rfd8 18. Rae1 b6 19. b4 Bc6 20. Rf3 Rac8 21. Rg3
Qd7 22. Qf2 Re8 23. Be3 Bb5 24. Bd4 Bxd3 25. Rxd3 Qb5 26. Rf3 Rc4 27. h3 a5 28.
a3 Rec8 29. g4 hxg4 30. hxg4 Qa4 31. f5 Qxa3 32. f6 Bf8 33. bxa5 bxa5 34. Qd2
Rxd4 35. Qxd4 Rc4 36. Qe3 Rxg4 37. Rh3 Re4 38. Qf2 Qa4 39. Rb1 Rxe5 40. Rb8 Qe4+
41. Kh2 Rh5 42. Rxh5 gxh5 43. Qg3+ Kh7 44. Rxf8 Qe2+ 45. Kh3 Qf1+ 1/2-1/2

[Event "Druzynowe Mistrzostwa Polski Juniorow - Ekstraliga 2021"]
[Site "Lublin"]
[Date "1899-12-30"]
[Round "3.17"]
[White "Harazinska, Magdalena"]
[Black "Adamczyk, Zuzanna"]
[Result "1-0"]
[WhiteTitle "WFM"]
[BlackTitle "WCM"]
[WhiteElo "2034"]
[BlackElo "1921"]

1. d4 d5 2. c4 c6 3. Nc3 Nf6 4. Nf3 e6 5. Bg5 dxc4 6. e4 b5 7. e5 h6 8. Bh4 g5
9. Nxg5 hxg5 10. Bxg5 Nbd7 11. exf6 Bb7 12. Be2 Nxf6 13. Bf3 Be7 14. O-O Qc7 15.
g3 O-O-O 16. a4 b4 17. Ne4 Nxe4 18. Bxe7 Qxe7 19. Bxe4 f5 20. Bg2 e5 21. Qc2 Qh7
22. h4 Rxd4 23. Rad1 Rhd8 24. Rxd4 Rxd4 25. Re1 e4 26. Qc1 Kb8 27. Rd1 Rd3 28.
Bf1 Rxd1 29. Qxd1 Qe7 30. Bxc4 c5 31. Qd2 Ka8 32. h5 Bc6 33. h6 Kb7 34. b3 Qf6
35. Bd5 Qc3 36. Qd1 c4 37. h7 cxb3 38. Qxb3 Qc1+ 39. Kg2 Qh6 40. Qxb4+ Kc7 41.
Qc3 e3 42. h8=Q Qxh8 43. Qxh8 Bxd5+ 44. Kf1 1-0

[Event "Druzynowe Mistrzostwa Polski Juniorow - Ekstraliga 2021"]
[Site "Lublin"]
[Date "1899-12-30"]
[Round "3.18"]
[White "Salamon, Julia"]
[Black "Smietanska, Wiktoria"]
[Result "1/2-1/2"]
[WhiteTitle "I+"]
[BlackTitle "CM"]
[WhiteElo "1504"]
[BlackElo "1802"]

1. d4 f5 2. c4 Nf6 3. Nc3 g6 4. Nf3 Bg7 5. g3 O-O 6. Bg2 d6 7. O-O c6 8. Qc2 Na6
9. Rd1 Qc7 10. e4 fxe4 11. Nxe4 Bf5 12. Nxf6+ Rxf6 13. Qb3 Raf8 14. Bg5 R6f7 15.
Rd2 Bg4 16. Ne1 Qb6 17. Qxb6 axb6 18. Be3 Nc7 19. a4 Ra8 20. Ra3 h6 21. h3 Bd7
22. Nd3 g5 23. Kh2 Ra7 24. g4 Rf8 25. f4 gxf4 26. Nxf4 Rfa8 27. b3 b5 28. cxb5
cxb5 29. d5 Ra6 30. a5 Be5 31. Kg3 Bc3 32. Rc2 b4 33. Raa2 Nb5 34. Ne2 Rxa5 35.
Nxc3 Nxc3 36. Rxa5 Rxa5 37. Bd2 Rc5 38. Bxh6 Kh7 39. Be3 Ra5 40. Bf1 Nxd5 41.
Bd3+ Kg7 42. Bc1 Nc3 43. h4 e5 1/2-1/2

[Event "Druzynowe Mistrzostwa Polski Juniorow - Ekstraliga 2021"]
[Site "Lublin"]
[Date "1899-12-30"]
[Round "3.19"]
[White "Seemann, Jakub"]
[Black "Panek, Bartosz"]
[Result "1-0"]
[WhiteTitle "FM"]
[BlackTitle "I+"]
[WhiteElo "2305"]
[BlackElo "1878"]

1. d4 Nf6 2. c4 g6 3. h4 Bg7 4. Nc3 Nc6 5. d5 Nb8 6. h5 Nxh5 7. g4 Nf6 8. g5 Nh5
9. e4 d6 10. Be2 Bxc3+ 11. bxc3 Ng7 12. f4 c5 13. Rb1 Qc7 14. Bd3 Na6 15. Qb3
b6 16. f5 Nh5 17. Rh2 Bd7 18. a4 Kd8 19. Qd1 Kc8 20. Qf3 Kb7 21. a5 Rab8 22. e5
Ka8 23. Ra2 bxa5 24. Rba1 a4 25. e6 fxe6 26. fxe6 Rhf8 27. Qg2 Be8 28. Bc2 Rb7
29. Ne2 Qb8 30. Ng3 Nxg3 31. Qxg3 Qc7 32. Qh3 Qd8 33. Ke2 Nb4 34. cxb4 cxb4 35.
Rxa4 b3 36. Bxb3 Qb6 37. Qe3 Bxa4 38. Qxb6 Rxb6 39. Bxa4 Rb4 40. Be3 Rxc4 41.
Bxa7 Kxa7 42. Bb3+ Kb6 43. Bxc4 Kc5 44. Ba2 Ra8 45. Kd3 Ra3+ 46. Kc2 Rg3 47. Rh1
Rxg5 48. Rxh7 Rg2+ 49. Kb1 Kb4 50. Rxe7 Rg1+ 51. Kb2 Rg2+ 52. Ka1 Rg1+ 53. Bb1
Kc5 54. Rc7+ Kxd5 55. e7 1-0

[Event "Druzynowe Mistrzostwa Polski Juniorow - Ekstraliga 2021"]
[Site "Lublin"]
[Date "1899-12-30"]
[Round "3.20"]
[White "Piechota, Kamil"]
[Black "Grochol, Kamil"]
[Result "1-0"]
[WhiteTitle "I"]
[BlackTitle "I++"]
[WhiteElo "1649"]
[BlackElo "1978"]

1. d4 Nf6 2. c4 e6 3. Nf3 d5 4. Nc3 Be7 5. Bf4 O-O 6. e3 c6 7. Bd3 Nbd7 8. c5 b6
9. b4 a5 10. a3 Ba6 11. Bxa6 Rxa6 12. b5 cxb5 13. c6 Qc8 14. c7 b4 15. Nb5 bxa3
16. Rc1 Bb4+ 17. Ke2 Ne4 18. Ng5 Nxg5 19. Bxg5 Ra8 20. Bf4 Qa6 21. Qd3 Nc5 22.
dxc5 bxc5 23. Nc3 c4 24. Qc2 f6 25. Rhd1 Rfe8 26. Bg3 Rac8 27. Kf1 Bd6 28. Bxd6
Qxd6 29. g3 f5 30. Qa4 Qxc7 31. Qxa3 Rb8 32. Rb1 g5 33. Nb5 Qb6 34. Nd6 Qxb1 35.
Rxb1 Rxb1+ 36. Kg2 Rd8 37. Qc5 Rbb8 38. Qc7 Rf8 39. Qe7 a4 40. Qxe6+ Kh8 41. Qe5+
Kg8 42. Qxd5+ Kh8 43. Qd4+ Kg8 44. Qxc4+ Kg7 45. Qxa4 f4 46. Qd4+ Kg8 47. Qd1
1-0

[Event "Druzynowe Mistrzostwa Polski Juniorow - Ekstraliga 2021"]
[Site "Lublin"]
[Date "1899-12-30"]
[Round "3.21"]
[White "Jendrowiak, Maciej"]
[Black "Kubik, Rafal"]
[Result "1-0"]
[WhiteTitle "II+"]
[BlackTitle "I"]
[WhiteElo "1472"]
[BlackElo "1761"]

1. d4 Nf6 2. c4 e6 3. Nc3 Bb4 4. Qc2 b6 5. Nf3 Bb7 6. Bg5 h6 7. Bh4 g5 8. Bg3 Ne4
9. Nd2 Bxc3 10. bxc3 Nxg3 11. hxg3 d6 12. e4 Nd7 13. Be2 Qe7 14. f4 O-O-O 15.
O-O-O Kb8 16. Kb1 Rdf8 17. Rde1 Qf6 18. Rhf1 Qg7 19. f5 c5 20. Nb3 Nf6 21. Bd3
e5 22. d5 h5 23. Rh1 Kc7 24. Qd1 Rb8 25. Qe2 Bc8 26. Kc2 Bd7 27. Rb1 Qf8 28. a3
Qe7 29. Kd2 Ba4 30. Na1 Rb7 31. Rb2 Rg8 32. Nc2 Rgb8 33. Rhb1 Be8 34. Rb3 Bd7
35. R3b2 a6 36. Rb3 Qe8 37. Kc1 Bxf5 38. Qf3 Qd7 39. Qxf5 Qxf5 40. exf5 g4 41.
Kd2 Rg8 42. a4 a5 43. Rh1 Rg5 44. Ne3 Rb8 45. Rbb1 Rb7 46. Rbe1 Kd8 47. Rhf1 Re7
48. Bc2 Kc8 49. Nd1 Kd8 50. Nf2 Ke8 51. Ne4 Nxe4+ 52. Bxe4 f6 53. Rb1 Rb7 54.
Rh1 Ke7 55. Rh4 Kf8 56. Rbh1 Rh7 57. Bc2 Ke8 58. Ke3 Kf8 59. Bd3 Ke8 60. Be2 Rxf5
61. Bd3 e4 62. Bxe4 Re5 63. Kf4 f5 64. Bxf5 Rf7 65. Rxh5 Re2 66. Kxg4 Rg7+ 67.
Rg5 Rge7 68. Rh8+ Kf7 69. Rh7+ 1-0

[Event "Druzynowe Mistrzostwa Polski Juniorow - Ekstraliga 2021"]
[Site "Lublin"]
[Date "1899-12-30"]
[Round "3.22"]
[White "Karwot, Marek"]
[Black "Seemann, Pola"]
[Result "1-0"]
[WhiteTitle "II"]
[BlackTitle "I++"]
[WhiteElo "1395"]
[BlackElo "1607"]

1. e4 c5 2. Nc3 e6 3. g3 Nc6 4. Bg2 Nf6 5. Nge2 Be7 6. O-O O-O 7. d4 cxd4 8. Nxd4
d5 9. exd5 Nxd5 10. Nxd5 exd5 11. Ne2 Be6 12. Nf4 d4 13. Nxe6 fxe6 14. Re1 Qd6
15. Bf4 e5 16. Bxc6 exf4 17. Bxb7 Rab8 18. Be4 Qf6 19. Qd3 h6 20. Rad1 Rxb2 21.
Bd5+ Kh8 22. Bb3 Bc5 23. Re6 Qg5 24. Rde1 Qh5 25. R6e5 Qh3 26. Rxc5 f3 27. Qf1
Qg4 28. h3 Qg6 29. Re6 1-0

[Event "Druzynowe Mistrzostwa Polski Juniorow - Ekstraliga 2021"]
[Site "Lublin"]
[Date "1899-12-30"]
[Round "3.23"]
[White "Kroliczek, Gabriela"]
[Black "Bugaj, Hanna"]
[Result "1-0"]
[WhiteTitle "k"]
[BlackTitle "I++"]
[WhiteElo "1990"]
[BlackElo "1769"]

1. d4 d5 2. c4 e6 3. Nf3 Nf6 4. cxd5 exd5 5. Qc2 c6 6. Nc3 Be7 7. Bg5 Nbd7 8. e3
O-O 9. Bd3 Re8 10. O-O Nf8 11. h3 Be6 12. Rab1 h6 13. Bh4 N8d7 14. b4 Rc8 15.
Rfe1 Nh5 16. Bxe7 Qxe7 17. a4 Nhf6 18. Rec1 Rf8 19. Nd2 Ne8 20. e4 dxe4 21. Ncxe4
Nef6 22. Re1 Rfd8 23. Ng3 Qd6 24. Nf3 Nd5 25. Ne4 Qf8 26. Nc5 Nxc5 27. dxc5 Rc7
28. Ne5 Nf6 29. Rbd1 Re8 30. Qb2 Nd7 31. Nf3 Nf6 32. Nd4 Rce7 33. Qd2 Rd8 34.
Nxe6 fxe6 35. Bh7+ Nxh7 36. Qxd8 Re8 37. Qd4 Ng5 38. Qg4 Qf6 39. Rd6 Rf8 40. Qd4
Qf5 41. h4 Nf7 42. Rdxe6 Rd8 43. Re8+ 1-0

[Event "Druzynowe Mistrzostwa Polski Juniorow - Ekstraliga 2021"]
[Site "Lublin"]
[Date "1899-12-30"]
[Round "3.24"]
[White "Sprzeczka, Emilia"]
[Black "Gaszka, Zuzanna"]
[Result "1-0"]
[WhiteTitle "I"]
[BlackTitle "I++"]
[WhiteElo "1431"]
[BlackElo "1474"]

1. f4 d5 2. Nf3 Nf6 3. e3 c5 4. b3 Nc6 5. Bb5 Bd7 6. Bb2 a6 7. Bxc6 Bxc6 8. Ne5
e6 9. Nxc6 bxc6 10. d3 Bd6 11. Nd2 O-O 12. O-O Qe7 13. Nf3 Nd7 14. Qe1 f6 15.
Qg3 Rab8 16. c4 Rfe8 17. e4 d4 18. Rae1 e5 19. f5 a5 20. Bc1 a4 21. Nd2 Nb6 22.
h4 Kh8 23. Qh3 axb3 24. axb3 Ra8 25. g4 Rg8 26. Nf3 Ra2 27. Kh1 Nd7 28. g5 Bc7
29. g6 h6 30. Qg4 Rb8 31. Rg1 Ba5 32. Ref1 Rg8 33. Qh5 Qf8 34. Ng5 fxg5 35. hxg5
Bd8 36. gxh6 gxh6 37. Bxh6 Qe8 38. Bf8# 1-0

[Event "Druzynowe Mistrzostwa Polski Juniorow - Ekstraliga 2021"]
[Site "Lublin"]
[Date "1899-12-30"]
[Round "3.25"]
[White "Chyzy, Jakub"]
[Black "Backiel, Hubert"]
[Result "1-0"]
[WhiteTitle "FM"]
[BlackTitle "I+"]
[WhiteElo "2257"]
[BlackElo "2010"]

1. e4 c5 2. Nf3 Nc6 3. d4 cxd4 4. Nxd4 Nf6 5. Nc3 d6 6. Bg5 e6 7. Qd2 a6 8. O-O-O
Bd7 9. f3 Be7 10. h4 b5 11. Nxc6 Bxc6 12. Ne2 Rc8 13. Nd4 Bb7 14. g4 Qc7 15. Bd3
h6 16. Be3 Nd7 17. g5 Ne5 18. gxh6 gxh6 19. Kb1 Bf6 20. Bxb5+ axb5 21. Nxb5 Qc6
22. Nxd6+ Kf8 23. Nxc8 Qxc8 24. Bxh6+ Rxh6 25. Qxh6+ Ke7 26. Qd2 Nxf3 27. Qd6+
Ke8 28. Rhg1 Bg5 29. Rxg5 Nxg5 30. hxg5 Bxe4 31. Ka1 Bd5 32. g6 Qc4 33. Qb8+ Ke7
34. Qa7+ 1-0

[Event "Druzynowe Mistrzostwa Polski Juniorow - Ekstraliga 2021"]
[Site "Lublin"]
[Date "1899-12-30"]
[Round "3.26"]
[White "Kozlowski, Pawel"]
[Black "Czernek, Tymon"]
[Result "1/2-1/2"]
[WhiteTitle "I++"]
[BlackTitle "FM"]
[WhiteElo "1970"]
[BlackElo "2199"]

1. e4 c5 2. Nc3 a6 3. g3 b5 4. Bg2 Bb7 5. Nge2 e6 6. d4 Nf6 7. Bg5 cxd4 8. Nxd4
Be7 9. O-O b4 10. Na4 Qa5 11. Bxf6 Bxf6 12. c3 Nc6 13. Re1 O-O 14. e5 Be7 15.
Nf3 Rfd8 16. cxb4 Bxb4 17. Re4 Ne7 18. Rd4 Bc6 19. a3 Bxa4 20. axb4 Bxd1 21. bxa5
Bb3 22. Nd2 Bd5 23. Nc4 Rab8 24. Bxd5 Nxd5 25. Rad1 Kf8 26. R1d2 Rb5 27. Kg2 Ke7
28. Nd6 Rb3 29. Nf5+ Kf8 30. Nd6 Ke7 31. Nf5+ 1/2-1/2

[Event "Druzynowe Mistrzostwa Polski Juniorow - Ekstraliga 2021"]
[Site "Lublin"]
[Date "1899-12-30"]
[Round "3.27"]
[White "Sowinski, Pawel"]
[Black "Rekuc, Patryk"]
[Result "1-0"]
[WhiteTitle "I++"]
[BlackTitle "II"]
[WhiteElo "2006"]
[BlackElo "1570"]

1. c4 Nf6 2. g3 e5 3. Bg2 c6 4. d4 d6 5. Nc3 Be7 6. e4 Bg4 7. f3 Bh5 8. Nge2 h6
9. O-O Nbd7 10. Be3 O-O 11. Qd2 Qc7 12. b3 a6 13. g4 Bg6 14. h4 h5 15. g5 Ne8
16. f4 f5 17. Ng3 exf4 18. Bxf4 fxe4 19. Bxe4 Bxe4 20. Ncxe4 g6 21. c5 b6 22.
Kh1 Rf7 23. Rf2 Nf8 24. Raf1 Ne6 25. cxd6 Nxd6 26. Bxd6 Rxf2 27. Qxf2 Bxd6 28.
Qf6 Bxg3 29. Qxe6+ Kg7 30. Nxg3 Qxg3 31. Rf7+ Kh8 32. Qf6+ 1-0

[Event "Druzynowe Mistrzostwa Polski Juniorow - Ekstraliga 2021"]
[Site "Lublin"]
[Date "1899-12-30"]
[Round "3.28"]
[White "Ptaszynski, Szymon"]
[Black "Krawczyk, Flawian"]
[Result "0-1"]
[WhiteTitle "II+"]
[BlackTitle "I+"]
[WhiteElo "1494"]
[BlackElo "1942"]

1. d4 Nf6 2. Nc3 d5 3. Bf4 e6 4. e3 Bb4 5. Qd3 c5 6. dxc5 Nc6 7. Bg5 h6 8. Bxf6
Qxf6 9. Nge2 O-O 10. a3 Bxc5 11. Nc1 Rd8 12. Qd2 Bb6 13. Bd3 e5 14. Nb3 Qg5 15.
g3 Be6 16. O-O-O Na5 17. Nxa5 Bxa5 18. b4 Bc7 19. e4 Qe7 20. exd5 Bg4 21. Be2
Bxe2 22. Nxe2 a5 23. c3 axb4 24. axb4 Ra6 25. Kb2 e4 26. Rhe1 Be5 27. Nd4 f5 28.
Qc2 Rxd5 29. Qb3 Qf7 30. Nc2 Rad6 31. Rxd5 Rxd5 32. Re3 Rd2 33. Qxf7+ Kxf7 34.
f3 Rxh2 35. fxe4 fxe4 36. Rxe4 Bxg3 37. Kb3 h5 38. Nd4 h4 39. Nf3 Rh1 40. Rg4
Kf6 41. Nd2 g5 42. Ne4+ Kf5 43. Nxg3+ Kxg4 44. Nxh1 Kf3 45. c4 g4 46. b5 g3 47.
Nxg3 hxg3 48. c5 g2 49. c6 g1=Q 50. c7 Qc5 0-1

[Event "Druzynowe Mistrzostwa Polski Juniorow - Ekstraliga 2021"]
[Site "Lublin"]
[Date "1899-12-30"]
[Round "3.29"]
[White "Wikar, Martyna"]
[Black "Marcinczyk, Monika"]
[Result "0-1"]
[WhiteTitle "k++"]
[BlackTitle "WCM"]
[WhiteElo "2125"]
[BlackElo "2090"]

1. e4 e5 2. Nf3 Nc6 3. Bc4 Bc5 4. d3 Nf6 5. O-O a6 6. Bb3 d6 7. c3 Ba7 8. Nbd2
h6 9. Nc4 g5 10. d4 g4 11. dxe5 gxf3 12. exf6 Qxf6 13. Re1 Ne5 14. Nxe5 dxe5 15.
Be3 Bh3 16. g3 Rd8 17. Bd5 Bb8 18. Qa4+ c6 19. Bc5 h5 20. Rad1 h4 21. Bc4 b5 22.
Rxd8+ Qxd8 23. Qxa6 bxc4 24. Qxc6+ Bd7 25. Qd5 Be6 26. Qc6+ Qd7 27. Qa8 Qc8 28.
Rd1 hxg3 29. Bb6 gxh2+ 30. Kh1 Ke7 31. Qa5 Bh3 32. Qb4+ Kf6 33. Bd8+ Qxd8 0-1

[Event "Druzynowe Mistrzostwa Polski Juniorow - Ekstraliga 2021"]
[Site "Lublin"]
[Date "1899-12-30"]
[Round "3.30"]
[White "Szczotka, Klara"]
[Black "Pawicka, Magdalena"]
[Result "1-0"]
[WhiteTitle "k"]
[BlackTitle "k+"]
[WhiteElo "1934"]
[BlackElo "1799"]

1. e4 e5 2. Nf3 Nc6 3. Bc4 Bc5 4. c3 Nf6 5. d3 O-O 6. b4 Be7 7. Nbd2 d5 8. Bb3
a6 9. a3 h6 10. O-O Bg4 11. h3 Bh5 12. Qe2 Re8 13. Re1 Bf8 14. Nf1 Bg6 15. Ng3
Qd7 16. Bb2 Rad8 17. Rad1 Qc8 18. Ba1 dxe4 19. dxe4 Nh5 20. Nxh5 Bxh5 21. g4 Bg6
22. Nh4 Bh7 23. Qf3 Rd7 24. Rd5 Nd8 25. Red1 Rxd5 26. exd5 Bd6 27. c4 b6 28. Qc3
Nb7 29. Ba4 Rf8 30. Bc6 Nd8 31. c5 bxc5 32. bxc5 Be7 33. Ng2 Nxc6 34. dxc6 Bf6
35. Qc4 Rd8 36. Rd5 Qb8 37. Bc3 Qb1+ 38. Ne1 Rxd5 39. Qxd5 Qc1 40. Bb4 Qb2 1-0

[Event "Druzynowe Mistrzostwa Polski Juniorow - Ekstraliga 2021"]
[Site "Lublin"]
[Date "1899-12-30"]
[Round "4.1"]
[White "Luczak, Filip"]
[Black "Karolczuk, Iwo"]
[Result "1-0"]
[WhiteTitle "FM"]
[BlackTitle "k"]
[WhiteElo "2313"]
[BlackElo "2074"]

1. b3 b6 2. e4 Bb7 3. Nc3 g6 4. Bb2 Bg7 5. d4 d6 6. Nf3 Nd7 7. Bc4 e6 8. Qe2 Ne7
9. O-O O-O 10. Rad1 Nf6 11. e5 Nfd5 12. Nxd5 exd5 13. Bd3 Bc8 14. Rfe1 dxe5 15.
Nxe5 Be6 16. h4 Nf5 17. h5 Qf6 18. hxg6 hxg6 19. Qf3 Rfe8 20. g4 Nh4 21. Qg3 Bh6
22. Bc1 Bxc1 23. Rxc1 g5 24. Re3 Kg7 25. c3 Rh8 26. f3 Qf4 27. Qxf4 gxf4 28. Re2
f6 29. Ng6 Nxg6 30. Rxe6 Rh3 31. Rf1 Rah8 32. Rc6 Nh4 33. Rxc7+ Kh6 34. Rf7 Rg3+
35. Kf2 Rxf3+ 36. Ke2 Re3+ 37. Kd2 Nf3+ 38. Kc2 Ne1+ 39. Rxe1 Rxe1 40. Rxf6+ Kg5
41. Rg6+ Kh4 42. Kd2 Rg1 43. c4 dxc4 44. bxc4 Rxg4 45. Rf6 Kg3 46. Be2 Rh2 47.
Kd3 Rg7 48. d5 Rf2 49. Bh5 Rf1 50. Be2 Rf2 51. Bh5 Rg5 52. Bg6 Rf1 53. d6 f3 54.
Kd2 Rf2+ 55. Kc3 Rf1 56. Bd3 Rh1 57. Be4 Rf1 58. d7 Rd1 59. Rxf3+ Kg4 60. Bd5
Rdxd5 61. cxd5 Rg8 62. Rf7 Kg5 63. Rg7+ 1-0

[Event "Druzynowe Mistrzostwa Polski Juniorow - Ekstraliga 2021"]
[Site "Lublin"]
[Date "1899-12-30"]
[Round "4.2"]
[White "Backiel, Hubert"]
[Black "Poltorak, Sebastian"]
[Result "0-1"]
[WhiteTitle "I+"]
[BlackTitle "k"]
[WhiteElo "2010"]
[BlackElo "2181"]

1. e4 c5 2. Nf3 Nc6 3. d4 cxd4 4. Nxd4 Nf6 5. Nc3 e5 6. Ndb5 d6 7. Bg5 a6 8. Na3
b5 9. Nd5 Be7 10. Bxf6 Bxf6 11. c4 b4 12. Nc2 a5 13. g3 O-O 14. Bg2 g6 15. O-O
Bg7 16. Qd3 Be6 17. Rad1 Qb8 18. b3 Qa7 19. Qe3 Nd4 20. Nxd4 exd4 21. Qd3 Bxd5
22. exd5 a4 23. Rc1 Qc5 24. Bh3 Ra7 25. Rfe1 Bf6 26. Re2 Rfa8 27. Rce1 Kg7 28.
Kg2 axb3 29. axb3 Be5 30. f4 Bf6 31. Bg4 Qc7 32. Bf3 Ra1 33. g4 h6 34. h4 Rxe1
35. Rxe1 Bxh4 36. Qxd4+ Bf6 37. Qd3 Qc5 38. Bd1 Ra1 39. Re2 Qa7 40. Qd2 Bc3 41.
Qd3 Qa3 42. c5 dxc5 43. Rc2 Qxb3 44. d6 Rxd1 45. Qxd1 Bd4 46. d7 Qd5+ 47. Kh3
h5 48. Rxc5 hxg4+ 49. Kh2 g3+ 50. Kh3 Qxd7+ 51. f5 g2 52. Rc7 g1=Q 53. Qxg1 Qxf5+
54. Qg4 Qf1+ 55. Kh4 Bf6+ 56. Kg3 Be5+ 57. Kh4 Qh1+ 0-1

[Event "Druzynowe Mistrzostwa Polski Juniorow - Ekstraliga 2021"]
[Site "Lublin"]
[Date "1899-12-30"]
[Round "4.3"]
[White "Meers, Hubert"]
[Black "Paszkowski, Krystian"]
[Result "1-0"]
[WhiteTitle "k"]
[BlackTitle "I+"]
[WhiteElo "1974"]
[BlackElo "1782"]

1. e4 e6 2. Qe2 c5 3. Nf3 Nc6 4. g3 d6 5. c3 e5 6. Bg2 g6 7. O-O Bg7 8. a4 Nge7
9. Na3 O-O 10. Nc4 f5 11. d3 h6 12. Ne1 f4 13. Nc2 Be6 14. b4 cxb4 15. cxb4 Nd4
16. Nxd4 exd4 17. Bxf4 Bxc4 18. dxc4 g5 19. Bd2 d3 20. Qxd3 Bxa1 21. Rxa1 Ng6
22. Bc3 Qb6 23. Bd4 Ne5 24. Qc3 Qc7 25. c5 Rfe8 26. f4 gxf4 27. gxf4 Nc6 28. cxd6
Qf7 29. Bf6 Rac8 30. Qg3+ Kf8 31. e5 Nd4 32. Qg4 Re6 33. Rd1 Rc4 34. Bd5 Rxb4
35. Bxe6 Nxe6 36. d7 1-0

[Event "Druzynowe Mistrzostwa Polski Juniorow - Ekstraliga 2021"]
[Site "Lublin"]
[Date "1899-12-30"]
[Round "4.4"]
[White "Rekuc, Patryk"]
[Black "Dziewonski, Dariusz"]
[Result "0-1"]
[WhiteTitle "II"]
[BlackTitle "I++"]
[WhiteElo "1570"]
[BlackElo "1963"]

1. e4 c5 2. Nf3 d6 3. Bb5+ Nd7 4. Ba4 Ngf6 5. O-O a6 6. c4 g6 7. Nc3 Bg7 8. d4
cxd4 9. Nxd4 O-O 10. h3 e6 11. Be3 Qc7 12. Qe2 b6 13. Rfd1 Bb7 14. Bc2 Rac8 15.
b3 d5 16. exd5 exd5 17. Bd3 dxc4 18. Bxc4 b5 19. Ncxb5 axb5 20. Nxb5 Qe5 21. Nd6
Rc7 22. Rac1 Bd5 23. Bxd5 Rxc1 24. Rxc1 Nxd5 25. Nc4 Qe6 26. Qd2 Nxe3 27. Nxe3
Ne5 28. Nc4 Ra8 29. Nxe5 Qxe5 30. Re1 Qc7 31. Rc1 Qb6 32. Rd1 Qb5 33. Qc2 Re8
34. a4 Qb4 35. Kf1 h5 36. Qd3 Bf6 37. Qd5 Kg7 38. Qd3 Rb8 39. Rb1 Rd8 40. Qc4
Qxc4+ 41. bxc4 Ra8 42. Rb4 Be7 43. Rb7 Bf8 44. Rc7 Rxa4 45. Ke2 Kf6 46. Ke3 Ke6
47. Kd3 Ra2 48. Ke3 Bd6 49. Rb7 Bc5+ 50. Ke4 Re2+ 51. Kd3 Rxf2 52. Rb5 Bf8 53.
Rb8 Bg7 54. Rg8 Bb2 55. g4 hxg4 56. hxg4 Rg2 57. Re8+ Kd7 58. Re4 Rg3+ 59. Ke2
f6 60. Kf2 Rb3 61. Ke2 g5 62. Kd2 Be5 63. Kc2 Rf3 64. Kd2 Kd6 65. Ke2 Ra3 66.
Kd2 Kc5 67. Ke2 Rc3 68. Re3 Rxe3+ 69. Kxe3 Kxc4 70. Kf3 Kd3 71. Kg2 Ke2 72. Kh3
Bd4 73. Kg2 Ke3 74. Kg3 Ba7 75. Kg2 Kf4 76. Kh3 Bb8 77. Kg2 Kxg4 78. Kh1 Kh3 79.
Kg1 g4 80. Kh1 g3 81. Kg1 Ba7+ 0-1

[Event "Druzynowe Mistrzostwa Polski Juniorow - Ekstraliga 2021"]
[Site "Lublin"]
[Date "1899-12-30"]
[Round "4.5"]
[White "Zabrzanska, Weronika"]
[Black "Marcinczyk, Monika"]
[Result "1-0"]
[WhiteTitle "k"]
[BlackTitle "WCM"]
[WhiteElo "1976"]
[BlackElo "2090"]

1. e4 e5 2. Nf3 Nc6 3. Bc4 Nf6 4. d3 h6 5. c3 d6 6. Nbd2 g6 7. O-O Bg7 8. Re1 O-O
9. d4 Qe7 10. dxe5 Nxe5 11. Nxe5 dxe5 12. Qc2 b6 13. b3 Bb7 14. Bb2 Rfd8 15. a4
c5 16. f3 a6 17. Nf1 Nh5 18. Rad1 Nf4 19. g3 Nh3+ 20. Kg2 Ng5 21. Ne3 Rd7 22.
h4 Nh7 23. Rxd7 Qxd7 24. Rd1 Qc7 25. Qd3 Nf6 26. Qd6 Rc8 27. Qxc7 Rxc7 28. Rd6
g5 29. hxg5 hxg5 30. g4 Rd7 31. Nf5 Bf8 32. Rxf6 b5 33. axb5 axb5 34. Bxb5 Rd2+
35. Kg3 Rxb2 36. Bc4 1-0

[Event "Druzynowe Mistrzostwa Polski Juniorow - Ekstraliga 2021"]
[Site "Lublin"]
[Date "1899-12-30"]
[Round "4.6"]
[White "Szczotka, Klara"]
[Black "Tokarz, Izabela"]
[Result "1-0"]
[WhiteTitle "k"]
[BlackTitle "I++"]
[WhiteElo "1934"]
[BlackElo "1621"]

1. e4 c5 2. Nf3 Nc6 3. d4 cxd4 4. Nxd4 e5 5. Nb5 d6 6. N5c3 Be6 7. g3 Nf6 8. Bg2
Be7 9. O-O O-O 10. Kh1 Rc8 11. h3 Nd7 12. Be3 Nb6 13. b3 f5 14. exf5 Bxf5 15.
Bxb6 Qxb6 16. Nd5 Qd8 17. c4 Nd4 18. Ne3 Qd7 19. Nxf5 Qxf5 20. Nc3 b6 21. Nd5
Bf6 22. Rc1 Kh8 23. Kh2 Rcd8 24. Rc3 g6 25. Re3 Bg7 26. h4 g5 27. Be4 Qf7 28.
hxg5 Nf5 29. Rc3 Ne7 30. Nxe7 Qxe7 31. Qh5 h6 32. Qg6 Kg8 33. gxh6 Rf6 34. Qxg7+
Qxg7 35. hxg7 1-0